| 000 | 00399nam a22001337a 4500 | ||
|---|---|---|---|
| 082 |
_a628.84 _bPRE _cD |
||
| 100 |
_aUS deptt of transportation, _938666 |
||
| 245 | _aPrestressed pavement Vol 2 thickness design/ | ||
| 260 |
_aWashington DC: _bUS deptt of transportation _cc1983 |
||
| 300 |
_a41p,; _bill,: _c29cm |
||
| 526 |
_a0 _b0 _c0 _d628_840000000000000_PRE |
||
| 650 |
_aMCE _9379 |
||
| 942 |
_2ddc _cBK |
||
| 999 |
_c548162 _d548162 |
||